Statistics for Three Word Cities

Click here to take the quiz!

General Stats

  • This quiz has been taken 77 times
  • The average score is 6 of 10

Answer Stats

ClueCity% Correct
MormonsSalt Lake City
97%
CarnivalRio de Janeiro
91%
HispaniolaPort-au-Prince
83%
The largest city in eastern AfricaDar es Salaam
67%
PyreneesAndorra la Vella
65%
ShakespeareStratford-upon-Avon
50%
BorneoBandar Seri Begawan
47%
T&TPort of Spain
36%
Teardrop of IndiaSri Jayawardenepura Kotte
33%
The "toe" of the Italian PeninsulaReggio di Calabria
12%

Score Distribution

Percentile by Number Answered

Percent of People with Each Score

Your Score History

You have not taken this quiz